Statistics for Things That are White #1

Click here to take the quiz!

General Stats

  • This quiz has been taken 86,223 times
    (22,062 since last reset)
  • The average score is 13 of 20

Answer Stats

ClueAnswer% Correct
Where the President livesWhite House
100%
Friend of the Seven DwarfsSnow White
98%
What Alice chased down a holeWhite Rabbit
95%
Indicates surrenderWhite Flag
91%
"I'm dreaming of a _____ _______
Just like the ones I used to know"
White Christmas
89%
The sound of staticWhite Noise
85%
A innocuous falsehoodWhite Lie
81%
What Moby Dick was calledWhite Whale
79%
Job that doesn't involve physical laborWhite Collar
78%
Residential telephone directoryWhite Pages
70%
A blizzard that reduces visibility
to near zero
Whiteout
64%
Riesling, for exampleWhite Wine
60%
R&B singer with a very low voiceBarry White
52%
A burdensome giftWhite Elephant
52%
What Tom Sawyer used to paint a fenceWhitewash
47%
Harold & Kumar's destinationWhite Castle
45%
Jack White & Meg WhiteThe White Stripes
42%
Book by Jack LondonWhite Fang
41%
A breaking waveWhitecap
40%
London road on which many important
government offices sit
Whitehall
34%

Score Distribution

Percentile by Number Answered

Percent of People with Each Score

Your Score History

You have not taken this quiz since the last reset